Country by 3 States Quiz Stats

 Plays Quiz Updated Aug 23, 2016

Also try: Provinces of China
Challenge
Share
Tweet
Embed
Score 0/20 Timer 04:00
3 Plays Today
% Correct
United States
97.1%
Canada
96.3%
Japan
95.4%
Russia
94.5%
Australia
94.2%
India
93.3%
Israel
92.5%
Germany
92.2%
Italy
91.4%
France
90.5%
% Correct
Vietnam
89.5%
Iran
88.6%
China
87.6%
Mexico
83%
Switzerland
81.7%
South Korea
74.6%
Brazil
72.9%
Peru
71.2%
Nigeria
66.7%
South Africa
47.7%

You're not logged in!

Compare scores with friends on all Sporcle quizzes.
OR
Log In

You Might Also Like...

Show Comments

Extras

Top Quizzes Today


Score Distribution

Your Account Isn't Verified!

In order to create a playlist on Sporcle, you need to verify the email address you used during registration. Go to your Sporcle Settings to finish the process.

Report this User

Report this user for behavior that violates our Community Guidelines.

Details: